[Event "48th Bosna Tournament 2018"]
[Site "Sarajevo"]
[Date "2018.05.07"]
[Round "4"]
[White "Sadikhov, Ulvi"]
[Black "Yilmaz, Mustafa"]
[Result "1-0"]
[WhiteElo "2473"]
[BlackElo "2621"]
[Annotator "TA"]
[PlyCount "97"]
[EventDate "2018.??.??"]
[EventType "swiss"]
[EventCountry "BIH"]
[SourceTitle "playchess.com"]
[Source "ChessBase"]
[SourceQuality "1"]

{[%evp 18,97,15,0,0,0,2,0,0,6,27,14,19,9,60,0,27,-14,-5,-6,0,0,0,-18,-6,-31,-9,-23,0,0,0,0,13,13,13,13,20,23,37,39,87,84,96,96,96,97,122,124,119,115,112,108,110,110,127,116,177,201,216,104,251,238,345,329,329,186,568,559,603,609,595,581,579,560,1035,994,970,913,29952,6079,29985,29982]} 1. e4 c5 2. Nf3 d6 3. d4 cxd4 4. Nxd4 Nf6 {[%cal Bg8f6,Bf6d7,Bd7e5,Be5g6,Bg6h4][%mdl 32]} 5. Nc3 a6 6. h3 e6 7. g4 Be7 8. Bg2 Nfd7 {B81: Sicilian Scheveningen: Keres Attack} 9. Nce2 Nc6 10. c3 {LiveBook: 10 Games} Nde5 {The position is equal.} (10... Nce5 11. O-O Ng6 12. f4 Nh4 13. Bh1 O-O 14. f5 e5 15. Nc2 {0-1 (57) Fedoseev,V (2724)-Grischuk,A (2767) Moscow 2018}) 11. O-O Ng6 12. f4 Nh4 13. Bh1 O-O $146 ({Predecessor:} 13... e5 14. Nf5 Nxf5 15. gxf5 b5 16. Be3 {0-1 (46) Gulbis,H (1776)-Seric,A (2165) ICCF email 2016}) 14. Be3 Bd7 15. Qd2 Rc8 ({Better is} 15... Nxd4 $11 16. Nxd4 Qc7) 16. f5 (16. Nf3 $14) 16... h6 (16... Ne5 {with more complications.} 17. b3 Re8 18. Rad1 h6 19. Rf2 b5) 17. Nf4 {[%cal Rf5e6]} Nxd4 18. cxd4 Bg5 19. Rf2 Re8 {[%cal Re6f5]} 20. fxe6 fxe6 {[%cal Bf7e6,Be6e5][%mdl 32]} 21. Raf1 Bb5 22. Rd1 e5 23. Nd5 Bc6 24. Bxg5 Qxg5 25. Qxg5 hxg5 26. Nb6 Rc7 27. d5 {Hoping for Rc1.} Bd7 28. Rdd2 Rf8 {[#]} 29. Rc2 $1 $36 {[%mdl 2048] White is in control.} Rxc2 30. Rxc2 Bb5 31. Rc8 Ng6 {[#]} 32. Rxf8+ $1 Kxf8 $16 {[%mdl 4096] Endgame KBN-KBN} 33. Nc8 Nf4 34. Nxd6 Nxh3+ 35. Kh2 Nf2 36. Nxb7 Nxg4+ (36... Nd3 $16 {keeps fighting.}) 37. Kg3 $18 Nf6 38. Nc5 (38. b4 $18 {has better winning chances.}) 38... Ke7 (38... a5 $16) 39. a4 Bd7 (39... Be2 $142 40. Kf2 Bc4) 40. b4 Kd6 41. Bf3 (41. a5 $142) 41... Bc8 $2 (41... a5 {is more resistant.}) 42. a5 g4 43. Be2 Nh5+ 44. Kf2 g3+ 45. Kg1 Nf4 46. Bxa6 Bg4 47. Bf1 Bf3 48. a6 {[%cal Ba5a6,Ba6a7][%mdl 32]} g5 49. a7 {Precision: White = 66%, Black = 25%.} 1-0

[Event "48th Bosna Tournament 2018"]
[Site "Sarajevo"]
[Date "2018.05.07"]
[Round "4"]
[White "Schreiner, Peter"]
[Black "Djukic, Nikola"]
[Result "1/2-1/2"]
[WhiteElo "2473"]
[BlackElo "2556"]
[Annotator "TA"]
[PlyCount "45"]
[EventDate "2018.??.??"]
[EventType "swiss"]
[EventCountry "BIH"]
[SourceTitle "playchess.com"]
[Source "ChessBase"]
[SourceQuality "1"]

{[%evp 24,45,37,35,23,18,20,22,33,26,22,14,25,21,20,0,0,1,24,23,10,13,17,29]} 1. d4 Nf6 2. c4 g6 3. g3 Bg7 4. Bg2 d5 5. cxd5 Nxd5 6. Nf3 Nb6 7. Nc3 O-O 8. O-O Nc6 {[%cal Bb8c6,Bc6a5,Ba5c4][%mdl 32]} 9. d5 Na5 10. e4 c6 11. Bf4 Nac4 {D76: Fianchetto Grünfeld: Main Line with 7...Nb6} 12. Qe2 Bg4 13. h3 {[%cal Bh2h3,Bh3h4,Bh4h5][%mdl 32] LiveBook: 3 Games} (13. dxc6 {is interesting.} bxc6 14. e5 Qc8 15. b3 g5 16. bxc4 gxf4 17. gxf4 Rb8 18. c5) 13... Bxf3 {White is slightly better.} 14. Bxf3 cxd5 {[#]} 15. Nxd5 $146 {Strongly threatening Nc7.} ({Predecessor:} 15. exd5 Re8 16. Rac1 e5 17. dxe6 Rxe6 18. Qc2 g5 19. Rfd1 {1-0 (32) Carlsen,M (2832)-Topalov,V (2749) Paris 2017}) 15... Nxd5 16. exd5 Nd6 17. Rad1 Bf6 18. h4 Qb6 19. Be5 Rac8 20. h5 Nc4 21. Bxf6 exf6 22. Rfe1 Nd6 23. Qd2 {Precision: White = 82%, Black = 81%.} 1/2-1/2

[Event "48th Bosna Tournament 2018"]
[Site "Sarajevo"]
[Date "2018.05.07"]
[Round "4"]
[White "Dizdarevic, Emir"]
[Black "Can, Emre"]
[Result "1/2-1/2"]
[WhiteElo "2458"]
[BlackElo "2596"]
[Annotator "TA"]
[PlyCount "36"]
[EventDate "2018.??.??"]
[EventType "swiss"]
[EventCountry "BIH"]
[SourceTitle "playchess.com"]
[Source "ChessBase"]
[SourceQuality "1"]

{[%evp 17,36,17,19,17,15,14,33,25,34,19,11,8,10,7,5,6,19,10,18,0,0]} 1. Nf3 g6 2. d4 Bg7 3. g3 c5 4. dxc5 (4. d5 d6 5. Bg2 b5 6. O-O Nd7 7. e4 Bb7 8. Re1 Ngf6 9. a4 a6 10. Na3 b4 11. Nc4 O-O 12. a5 Ne8 13. Bf4 {0-1 (42) Zhao,J (2604)-Malakhov,V (2686) Riadh 2017}) 4... Na6 5. Bg2 Nxc5 6. c4 {A40: Unusual replies to 1 d4} d6 7. Nd4 Nf6 8. Nc3 O-O 9. O-O Rb8 {LiveBook: 3 Games} 10. h3 a6 11. Be3 Bd7 12. Rc1 Ne6 13. Nxe6 $146 ({Predecessor:} 13. Qd2 Nxd4 14. Bxd4 Bc6 15. e4 Nd7 16. Bxg7 Kxg7 {1-0 (63) Smyslov,V-Gipslis,A Moscow (Russia) 1959}) 13... Bxe6 {The position is equal.} 14. c5 dxc5 15. Qxd8 Rfxd8 16. Bxc5 Kf8 17. Ba7 Ra8 $1 {[%cal Ra8a7]} 18. Be3 Nd5 1/2-1/2

[Event "48th Bosna Tournament 2018"]
[Site "Sarajevo"]
[Date "2018.05.07"]
[Round "4"]
[White "Marjanovic, Dejan"]
[Black "Kurajica, Bojan"]
[Result "1/2-1/2"]
[WhiteElo "2391"]
[BlackElo "2516"]
[Annotator "TA"]
[PlyCount "49"]
[EventDate "2018.??.??"]
[EventType "swiss"]
[EventCountry "BIH"]
[SourceTitle "playchess.com"]
[Source "ChessBase"]
[SourceQuality "1"]

{[%evp 23,49,31,39,22,27,17,35,36,37,30,45,39,29,27,43,35,29,26,38,35,73,50,65,50,45,0,65,0]} 1. Nf3 Nf6 2. c4 e6 3. Nc3 Bb4 4. Qc2 O-O 5. a3 Bxc3 6. Qxc3 c5 7. e3 b6 8. b4 d6 9. Bb2 e5 10. d3 Nbd7 11. Be2 Bb7 12. O-O Rc8 13. Rac1 $146 {A17: English Opening: 1...Nf6 with ...Bb4} ({Predecessor:} 13. Nd2 Re8 14. e4 Nf8 15. b5 Ne6 16. Rae1 Rc7 17. g3 Bc8 18. f4 Nd4 19. f5 d5 20. Bd1 dxe4 21. dxe4 {½-½ (29) Dokutchaev,A (2443)-Ibragimov,I (2602) Novgorod 1999}) 13... Re8 14. Qd2 d5 15. cxd5 Nxd5 16. bxc5 bxc5 17. Qc2 N5b6 18. Nd2 Qe7 19. Rfd1 Bc6 20. Re1 Qh4 21. e4 Re6 22. g3 Qh3 23. Bf1 Qh5 24. Be2 Qh3 25. Bf1 {Precision: White = 52%, Black = 50%.} (25. Nf3 $14) 1/2-1/2

[Event "48th Bosna Tournament 2018"]
[Site "Sarajevo"]
[Date "2018.05.07"]
[Round "4"]
[White "Burovic, Rijad"]
[Black "Diermair, Andreas"]
[Result "0-1"]
[WhiteElo "2331"]
[BlackElo "2504"]
[Annotator "TA"]
[PlyCount "80"]
[EventDate "2018.??.??"]
[EventType "swiss"]
[EventCountry "BIH"]
[SourceTitle "playchess.com"]
[Source "ChessBase"]
[SourceQuality "1"]

{[%evp 9,80,-45,-25,-48,-34,-72,-67,-67,-54,-41,-55,-135,-126,-117,-138,-135,-155,-163,-171,-174,-178,-118,0,0,0,0,0,0,0,-304,-291,-245,-265,-291,-306,-458,-475,-513,-458,-468,-460,-469,-470,-452,-438,-667,-665,-641,-636,-725,-708,-695,-690,-815,-801,-1121,-960,-947,-935,-1095,-1075,-1166,-1125,-1332,-1281,-1167,-1024,-2145,-1421,-29984,-29985,-29985,-29982]} 1. e4 e5 2. f4 exf4 3. Bc4 Qh4+ 4. Kf1 d6 5. Nf3 Qh6 {LiveBook: 4 Games} 6. d4 {C33: King's Gambit Accepted: 3 Nc3 and 3 Bc4} Be6 7. Bb3 Nf6 8. Nc3 {Black is slightly better.} Be7 9. Qd3 $146 ({Predecessor:} 9. Kg1 O-O 10. g3 Nh5 11. Nd5 Bxd5 12. Bxd5 c6 {½-½ (21) Sadzikowski,D (2541)-Piorun,K (2648) Warsaw 2017}) 9... Nbd7 10. Bxe6 (10. Ne2 $15) 10... fxe6 $17 11. Qc4 Nh5 12. Rg1 {[#]} g5 $1 {[%cal Bg7g5,Bg5g4][%mdl 32]} 13. Qxc7 g4 14. Ne1 Qf6 15. Nb5 {[#]} ({Much weaker is} 15. Qxb7 Rd8 $17) 15... Ng3+ $1 {[%mdl 512]} 16. hxg3 $11 fxg3+ 17. Ke2 Qf2+ 18. Kd1 $1 {aiming for Qc4.} Qxg1 19. Nxd6+ $2 {[%mdl 8192]} (19. Qc4 $1 $11 {and White has nothing to worry.} O-O 20. Qxe6+ Kh8 21. Qxe7) 19... Bxd6 $19 20. Qxd6 {[#]} O-O-O $1 21. a4 {Threatens to win with Ra3.} e5 22. c3 (22. a5 $142 Qxd4+ 23. Qxd4 exd4 24. Ra4) 22... Rhf8 {White must now prevent ...Rf1.} 23. Bd2 Rf6 24. Qd5 {intending Bg5.} Qf1 25. Qb5 {If White can now play Bg5 this consolidates a bit.} a6 26. Qxf1 Rxf1 27. Ke2 (27. Bh6 $142) 27... Rf2+ 28. Ke3 Nc5 29. Ra3 {[#]} Nxe4 $1 {[%mdl 512]} 30. Kxe4 Rxd2 {[%mdl 4096] Endgame KRR-KRN} 31. Ke3 Rxb2 32. dxe5 h5 {[%cal Bh7h5,Bh5h4][%mdl 32]} 33. Ra1 Rf2 34. Nd3 Rxg2 35. Nf4 Rh2 36. e6 h4 37. Rg1 Rc2 38. Ne2 Re8 39. Kd3 Rxe2 40. Kxe2 Rxe6+ {Precision: White = 45%, Black = 90%.} 0-1

[Event "48th Bosna Tournament 2018"]
[Site "Sarajevo"]
[Date "2018.05.08"]
[Round "5"]
[White "Brkic, Ante"]
[Black "Predke, Alexandr"]
[Result "1/2-1/2"]
[WhiteElo "2598"]
[BlackElo "2603"]
[Annotator "TA"]
[PlyCount "27"]
[EventDate "2018.??.??"]
[EventType "swiss"]
[EventCountry "BIH"]
[SourceTitle "playchess.com"]
[Source "ChessBase"]
[SourceQuality "1"]

{[%evp 24,27,40,37,53,23]} 1. e4 e5 2. Nf3 Nc6 3. Bb5 a6 4. Ba4 Nf6 5. O-O Be7 6. Re1 d6 7. c3 O-O 8. h3 Bd7 9. d4 exd4 10. cxd4 d5 11. e5 Ne4 12. Nc3 Nxc3 13. bxc3 Bf5 {C87: Closed Ruy Lopez: Steinitz-type lines after 6 Re1 d6} (13... Na5 14. Bc2 Nc4 15. a4 b5 16. axb5 axb5 17. Rxa8 Qxa8 18. Ng5 g6 19. f4 Qc8 20. Qf3 Bxg5 21. fxg5 {0-1 (64) Hamid,R (1990)-Aahelee,S (1618) Dhaka 2016}) 14. Bf4 $146 ({Predecessor:} 14. Bc2 Bxc2 15. Qxc2 Na5 16. Be3 Nc4 17. Nd2 Nxe3 18. fxe3 c5 19. Nf3 b5 20. Rab1 Rc8 21. Qd3 {0-1 (46) Plotkin,A (1521)-Miller,E (1614) Kranenburg 2007}) 1/2-1/2

[Event "48th Bosna Tournament 2018"]
[Site "Sarajevo"]
[Date "2018.05.08"]
[Round "5"]
[White "Can, Emre"]
[Black "Nestorovic, Lazar"]
[Result "1-0"]
[WhiteElo "2596"]
[BlackElo "2370"]
[Annotator "TA"]
[PlyCount "83"]
[EventDate "2018.??.??"]
[EventType "swiss"]
[EventCountry "BIH"]
[SourceTitle "playchess.com"]
[Source "ChessBase"]
[SourceQuality "1"]

{[%evp 23,83,83,91,75,132,131,152,151,147,136,151,151,147,151,168,135,309,302,308,308,305,308,308,300,293,308,406,388,359,413,435,330,354,331,333,341,344,334,323,240,335,297,734,718,758,581,568,503,850,850,844,843,825,819,794,790,795,767,839,870,1352,1048]} 1. d4 Nf6 2. c4 g6 3. Nc3 Bg7 4. e4 d6 5. Be2 O-O 6. Be3 e5 7. d5 Nbd7 8. g4 Nc5 {E73: King's Indian: Averbakh Variation without 6...c5} 9. f3 a5 10. h4 h5 11. g5 Nh7 12. Qd2 (12. Kd2 Bd7 13. Nh3 c6 14. Nf2 cxd5 15. exd5 f5 16. gxf6 Nxf6 17. Bxc5 dxc5 {0-1 (37) Vallejo Pons,F (2705)-Radjabov,T (2741) Palma de Mallorca 2017}) 12... f6 {LiveBook: 10 Games} 13. gxf6 Rxf6 (13... Bxf6 $142 14. Bf2 (14. Bxc5 dxc5 15. O-O-O Bxh4 $17) 14... Bd7) 14. O-O-O $16 Qf8 15. Nh3 {[#]} Bd7 $146 ({Predecessor:} 15... a4 16. Rdg1 {½-½ (47) Peralta,F (2540)-Forcen Esteban,D (2535) Linares 2017}) 16. Rdg1 Be8 17. Rg3 a4 18. Rhg1 a3 {intending ...axb2+.} 19. b4 Na6 $2 {[#]} (19... Na4 $16 {was necessary.} 20. Nb5 Qe7) 20. f4 $1 $18 exf4 21. Nxf4 Rxf4 22. Bxf4 {Strongly threatening Bxh5!} Nxb4 {With the idea ...Bxc3.} 23. Kb1 Nf6 24. Bg5 Nd7 {[#]} 25. Bxh5 $1 {[%mdl 512]} Ne5 ({Don't blunder} 25... gxh5 $2 26. Bh6 $18) 26. Be2 Ba4 27. Nxa4 Rxa4 28. Qf4 Na6 29. Qxf8+ Kxf8 30. Bc1 Nc5 31. Rxa3 Rb4+ 32. Kc2 Nxe4 $2 (32... Bf6 33. Ra8+ Ke7) 33. Ra8+ {White is clearly winning.} Kf7 34. Rc8 c6 35. Rf1+ Ke7 (35... Bf6 $142 36. a3 Ra4) 36. Rc7+ Nd7 {[#]} 37. Rxd7+ $1 {[%mdl 512]} Kxd7 38. Rf7+ Ke8 39. Rxg7 Ra4 40. a3 Ng3 41. Bd3 cxd5 42. Kb3 {Precision: White = 90%, Black = 32%.} 1-0

[Event "48th Bosna Tournament 2018"]
[Site "Sarajevo"]
[Date "2018.05.08"]
[Round "5"]
[White "Djukic, Nikola"]
[Black "Sadikhov, Ulvi"]
[Result "1/2-1/2"]
[WhiteElo "2556"]
[BlackElo "2473"]
[Annotator "TA"]
[PlyCount "60"]
[EventDate "2018.??.??"]
[EventType "swiss"]
[EventCountry "BIH"]
[SourceTitle "playchess.com"]
[Source "ChessBase"]
[SourceQuality "1"]

{[%evp 16,60,43,23,64,59,61,53,53,27,19,22,35,31,31,6,42,26,16,3,25,0,187,31,43,0,0,0,0,0,0,0,0,-18,0,0,0,0,0,0,0,0,-10,-17,0,0,0]} 1. e4 c5 2. Nf3 e6 3. d4 cxd4 4. Nxd4 a6 5. Nc3 Qc7 6. Bd3 Nf6 7. f4 d6 8. Qf3 Nbd7 9. Bd2 {LiveBook: 3 Games. B82: Sicilian Scheveningen: 6 f4} (9. g4 Nc5 10. g5 Nfd7 11. Bd2 g6 12. f5 Ne5 13. Qe2 Bg7 14. f6 Bf8 15. O-O-O b5 16. a3 Rb8 {½-½ (24) Vovk,A (2606)-David,A (2584) Trieste 2015}) 9... Be7 10. g4 {[%cal Bg2g4,Bg4g5][%mdl 32]} Nc5 11. g5 {White is slightly better.} Nfd7 12. b4 {And now Bf1 would win.} Nxd3+ 13. cxd3 Qb6 $146 ({Predecessor:} 13... O-O 14. Rc1 Qd8 15. h4 Re8 16. O-O Bf8 {1-0 (31) Bindrich,F (2391)-Hayrapetyan,H (2290) Belfort 2005}) 14. Nce2 O-O 15. a3 g6 16. h4 e5 17. Nc2 exf4 $1 {Hoping for ...Ne5.} 18. Nxf4 f5 $2 {[#]} (18... Ne5 $11 19. Qe3 Qxe3+ 20. Nxe3 f5) 19. exf5 $2 (19. d4 $1 $18) 19... Rxf5 $14 20. Ne3 Ne5 {The position is equal.} 21. Qd5+ Rf7 22. Rf1 {aiming for d4.} Bd7 23. O-O-O Qc6+ 24. Kb2 Raf8 25. d4 $36 {[%mdl 2048] White is more active.} Ng4 {[#] Threatens to win with ...Nxe3.} 26. Qxc6 bxc6 27. Nxg4 Bxg4 28. Rc1 Bd7 {Threatening ...Bd8.} 29. Rfe1 Bd8 30. Ne6 Re8 $1 {Precision: White = 45%, Black = 54%.} 1/2-1/2

[Event "48th Bosna Tournament 2018"]
[Site "Sarajevo"]
[Date "2018.05.08"]
[Round "5"]
[White "Kurajica, Bojan"]
[Black "Bistric, Faruk"]
[Result "1-0"]
[WhiteElo "2516"]
[BlackElo "2346"]
[Annotator "TA"]
[PlyCount "69"]
[EventDate "2018.??.??"]
[EventType "swiss"]
[EventCountry "BIH"]
[SourceTitle "playchess.com"]
[Source "ChessBase"]
[SourceQuality "1"]

{[%evp 11,69,14,17,0,0,0,2,0,33,-4,28,-22,-2,-27,-24,-18,-6,-11,-12,-6,19,-30,12,19,10,10,10,11,10,21,37,0,0,0,0,0,7,-7,0,0,0,0,21,12,12,20,46,13,340,358,323,347,336,350,374,376,364,370,370,369]} 1. Nf3 e6 2. g3 b5 3. a4 b4 4. Bg2 Bb7 5. O-O Nf6 6. d3 d5 {LiveBook: 28 Games. A05: Réti Opening: 1 Nf3 Nf6} 7. a5 (7. Nbd2 Be7 8. e4 c5 9. exd5 Bxd5 10. Nc4 O-O 11. Nfe5 Bxg2 12. Kxg2 {0-1 (47) Artemiev,V (2524)-Moiseenko,A (2711) Khanty-Mansiysk 2013}) 7... Be7 8. c3 Na6 $146 {The position is equal.} ({Predecessor:} 8... c5 9. a6 Bc8 10. e4 O-O 11. exd5 exd5 {0-1 (28) Chapliev,A (2322)-Tarlev,K (2484) Anapa 2010}) 9. Qa4+ c6 {[%cal Bc7c6,Bc6b5][%mdl 32]} 10. Bg5 Rb8 11. Nd4 Qd7 12. cxb4 Ba8 13. b5 cxb5 14. Qd1 e5 15. Nf3 $36 {[%mdl 2048] Black is under pressure.} Qf5 {...e4 is the strong threat.} 16. Bd2 (16. e4 $5 dxe4 17. dxe4 Bxe4 18. Nc3 $11) 16... d4 17. e3 O-O 18. exd4 exd4 19. Nxd4 Qd7 {And now ...Bxg2 would win.} 20. Nf3 Qxd3 21. Bf4 Rbd8 {[%cal Bb8d8,Bd8d3,Bd3b3,Bb3b4][%mdl 32]} 22. Qxd3 Rxd3 23. Ne5 Rb3 24. Re1 {Hoping for Nd2.} Bxg2 25. Kxg2 {Black should prevent Nd2.} Nd5 {White must now prevent ...Nab4.} 26. Bc1 Rc8 27. Nd2 Rb4 28. b3 Rc2 29. Nef3 {With the idea Ba3.} (29. Ba3 $5 {[%cal Ra1c1]} Rxd2 30. Nc6 $14) 29... Nc5 $2 {[%mdl 8192]} (29... g5 $11) 30. Re5 $18 Nd3 31. Rxd5 Nxc1 32. Rd7 Bf6 33. Ne1 {White is winning.} ({Not} 33. Rxa7 g5 $14) 33... Rc8 {[#]} 34. Rxc1 $1 {[%mdl 512]} Rxc1 {[#]} 35. Nd3 $1 {Precision: White = 58%, Black = 39%.} 1-0

[Event "48th Bosna Tournament 2018"]
[Site "Sarajevo"]
[Date "2018.05.08"]
[Round "5"]
[White "Cvitan, Ognjen"]
[Black "Burovic, Rijad"]
[Result "1-0"]
[WhiteElo "2487"]
[BlackElo "2331"]
[Annotator "TA"]
[PlyCount "109"]
[EventDate "2018.??.??"]
[EventType "swiss"]
[EventCountry "BIH"]
[SourceTitle "playchess.com"]
[Source "ChessBase"]
[SourceQuality "1"]

{[%evp 24,109,20,31,91,88,90,86,87,93,87,85,101,102,100,96,103,96,94,88,111,94,101,93,121,121,141,125,116,104,108,103,105,100,161,161,162,172,172,159,210,202,235,235,235,235,235,235,235,235,265,200,427,420,441,372,485,486,483,477,459,441,606,590,936,696,1815,1822,5925,5160,2012,2012,29992,29993,29993,29979,29994,29982,29980,29981,29987,29988,29988,29989,29989,29990,29998,29999]} 1. d4 Nf6 2. c4 g6 3. Nc3 Bg7 4. e4 d6 5. Nf3 O-O 6. Be2 e5 7. O-O Nc6 8. dxe5 dxe5 9. Bg5 Qxd1 10. Rfxd1 Bg4 11. h3 Bxf3 {E97: King's Indian: Classical Main Line (6...e5 7 0-0 Nc6): 8 Be3 and 8 d5 Ne7, not 9 Ne1} 12. Bxf3 Nd4 13. Nd5 {LiveBook: 47 Games} Ne8 (13... Nxd5 $14 14. cxd5 f5) (13... Nxd5 14. cxd5 c6 15. Rac1 cxd5 16. exd5 e4 17. Be3 exf3 18. Bxd4 Bxd4 19. Rxd4 {1-0 (77) Ragger,M (2695)-Saric,I (2678) Germany 2016}) 14. Be7 $16 c6 15. Nc3 Nc7 16. Bxf8 Bxf8 17. Ne2 $146 ({Predecessor:} 17. Be2 a5 18. Bf1 a4 19. Rab1 {½-½ (47) Kadziolka,B (2295)-Rajlich,I (2399) St Petersburg 2009}) 17... Nce6 18. Nxd4 Nxd4 19. Rd3 a5 20. g3 Bc5 21. Kg2 Kg7 22. h4 h5 23. Rf1 Rh8 24. Bd1 f5 25. Re1 {[#] And now exf5 would win.} f4 26. a3 {[%cal Ba2a3,Ba3b4][%mdl 32]} Rf8 27. Bf3 Kf6 28. Rb1 Ke6 (28... a4 $16) 29. b4 $18 axb4 30. axb4 Be7 31. c5 fxg3 (31... Rb8 $16 32. gxf4 b6) 32. fxg3 Ra8 33. Rb2 b6 34. cxb6 Rb8 35. Bd1 Rxb6 {[#]} 36. Bb3+ $1 Kd7 37. Bf7 Bxb4 $2 (37... g5 38. hxg5 (38. Bxh5 gxh4 39. Bg4+ Kc7 $18) 38... Bxg5 39. Bxh5 Be7) 38. Bxg6 c5 39. Bxh5 c4 40. Rc3 Bxc3 41. Rxb6 {[%mdl 4096] Endgame KRB-KBN} Bd2 42. Bd1 c3 43. h5 {[%cal Bh4h5,Bh5h6][%mdl 32]} Ke7 44. Kh3 Be3 45. h6 Kf7 46. Kg4 c2 47. Bxc2 Nxc2 48. Rb7+ {White mates.} Kg8 49. Kh5 Nd4 50. Kg6 {[%cal Rb7b8]} Bxh6 51. Kxh6 Ne2 52. g4 {[%cal Bg3g4,Bg4g5,Bg5g6][%mdl 32]} Nf4 53. g5 Ne6 54. g6 Nf8 55. Rb8 {Precision: White = 84%, Black = 31%.} 1-0